| 000 | 00527 a2200181 4500 | ||
|---|---|---|---|
| 020 | _a9780545157957 (pbk.) | ||
| 020 | _a0545157951 (pbk.) | ||
| 041 | _aspa | ||
| 100 | 1 | _aMiles, Ellen | |
| 245 | 1 | 0 | _aFlecha / Ellen Miles ; translated by Macarena Salas. |
| 260 | _aNew York : Scholastic, Inc., 2009, c2007 | ||
| 300 |
_a75 p. : ill. _c20 cm. |
||
| 440 | _aThe Puppy place ; v 7. | ||
| 500 | _a "Cachorritos, todos los perritos necesitan un hogar"--Cover. | ||
| 700 | 1 | _aSalas, Macarena | |
| 942 | _cBK | ||
| 952 | _71 | ||
| 999 |
_c20742 _d20742 |
||